[Event "Portugal Open 2019"]
[Site "Lisbon"]
[Date "2019.02.08"]
[Round "8.30"]
[White "Mabille, Natacha"]
[Black "Pacan-Milej, Kosma"]
[Result "0-1"]
[WhiteElo "1896"]
[BlackElo "2273"]
[Annotator "TA"]
[PlyCount "110"]
[EventDate "2019.01.25"]
[EventType "swiss"]
[EventCountry "POR"]
[SourceTitle "playchess.com"]
[Source "ChessBase"]
[SourceQuality "1"]

{[%evp 9,110,29,20,15,22,0,43,43,36,36,39,51,42,41,47,50,72,70,66,72,61,31,27,34,51,51,35,48,30,17,9,-5,0,0,12,0,0,-40,-39,-54,-43,-67,-67,-60,-57,-62,-40,-143,-46,-185,-181,-182,-187,-236,-172,-228,-155,-243,-161,-273,-243,-284,-285,-301,-210,-214,-207,-203,-198,-266,-257,-423,-404,-399,-394,-332,-362,-414,-382,-553,-559,-536,-529,-516,-490,-763,-863,-2559,-2338,-2172,-2083,-5057,-4662,-29986,-29984,-29987,-29985,-29985,-29986,-29987,-29987,-29987,-29986]} 1. e4 c5 2. Nf3 d6 3. d4 Nf6 4. dxc5 Nxe4 5. cxd6 Nc6 6. Be3 {B53: Sicilian: 2...d6: Lines with Qxd4} (6. Bc4 {seems wilder.} Nxd6 7. Bb3 Bf5 8. O-O e6 9. Nc3) (6. Bd3 Nxd6 7. O-O g6 8. Re1 Bg7 9. c3 O-O 10. h3 Bf5 11. Bxf5 Nxf5 12. Nbd2 Qc7 13. Ne4 Rad8 14. Qe2 b6 15. g4 Nd6 16. Bf4 e5 17. Nxd6 Rxd6 18. Nxe5 {0-1 (32) Anand,V (2786)-Nepomniachtchi,I (2751) Zuerich 2017}) 6... Nxd6 7. Nc3 e6 $146 ({Predecessor:} 7... g6 8. Nb5 Bg7 9. Nxd6+ exd6 10. c3 d5 11. Be2 O-O 12. Qd2 Qa5 13. O-O Bg4 {½-½ (31) Salgado Lopez,I (2662)-Santos Latasa,J (2569) Monzon 2016}) 8. Qd2 {White is slightly better.} Be7 9. O-O-O O-O 10. Bc5 {[%cal Rc5d6]} Nf5 11. Qxd8 Rxd8 12. Rxd8+ Bxd8 13. Bb5 Bd7 14. Rd1 Be8 15. Ne4 (15. Bxa7 $5 Nxa7 16. Bxe8 $14) 15... a6 16. Be2 Bc7 17. g4 Bf4+ 18. Kb1 Nfe7 19. Bd6 Ng6 20. Nc5 Bxd6 21. Rxd6 Rb8 22. Nd2 Kf8 23. Nde4 Ke7 24. Rd2 Nce5 25. Rd4 Nf4 26. Bd1 Bc6 27. Kc1 Rd8 28. Rb4 (28. Rxd8 $15 Kxd8 29. Kd2) 28... b5 (28... a5 $17 29. Rb3 Rd4) 29. a4 (29. Nc3 $15 g5 30. Nxa6) 29... a5 $36 {[%mdl 2048] Black is on the roll.} 30. Rb3 b4 31. Re3 f6 32. b3 (32. Nd2 $142) 32... h6 33. h3 (33. Nd2 $17 {was called for.}) 33... Rd4 34. h4 (34. Nd2 $142) 34... Ng2 35. Re2 Nxh4 36. f4 Nxg4 37. Nxf6 {[#]} Rxd1+ $1 {[%mdl 512]} 38. Kxd1 Bf3 39. Nxg4 (39. Nfe4 {keeps fighting.}) 39... Bxg4 {[%mdl 4096] Endgame KRN-KBN} 40. Nb7 $2 {[#]} (40. Ke1 Bxe2 41. Kxe2) 40... Nf5 $1 41. Kd2 {aiming for Rh2.} Bxe2 42. Kxe2 {KN-KN} Nd4+ 43. Kd3 Nc6 44. c3 (44. Nc5 $142 h5 45. Ke4) 44... bxc3 45. Kxc3 h5 46. Kd3 h4 {White must now prevent ...h3.} 47. Ke4 {[#]} (47. Ke3 $142 Kd7 48. Kf2) 47... Nd4 $1 {[%mdl 512]} 48. Kxd4 h3 49. Nxa5 {KN-K3P} h2 50. Kc5 h1=Q 51. b4 Qd5+ {Black mates.} 52. Kb6 Qd4+ 53. Kb5 Qxf4 54. Nc6+ Kd7 55. a5 Kc7 {Accuracy: White = 32%, Black = 73%.} 0-1

[Event "Portugal Open 2019"]
[Site "Lisbon"]
[Date "2019.02.08"]
[Round "8.31"]
[White "Sande Edreira, Jose Antonio"]
[Black "Maloberti, David"]
[Result "1-0"]
[WhiteElo "2244"]
[BlackElo "2121"]
[Annotator "TA"]
[PlyCount "58"]
[EventDate "2019.01.25"]
[EventType "swiss"]
[EventCountry "POR"]
[SourceTitle "playchess.com"]
[Source "ChessBase"]
[SourceQuality "1"]

{[%evp 20,58,73,77,96,102,99,98,107,100,111,95,83,35,39,51,56,34,57,59,54,51,117,78,101,87,98,4,68,54,54,32,24,27,33,29,27,0,0,0,0]} 1. c4 Nf6 2. g3 g6 3. Bg2 Bg7 4. Nc3 d6 5. e4 O-O 6. Nge2 e5 7. O-O Be6 8. d3 Qd7 9. f4 {[%cal Bf2f4,Bf4f5][%mdl 32]} Bh3 10. f5 {A24: English Opening vs King's Indian: Lines without ...Nc6} Bxg2 11. Kxg2 {LiveBook: 22 Games} Nc6 (11... c6 12. Bg5 h6 13. Bd2 d5 14. fxg6 fxg6 15. cxd5 Kh7 16. Qb3 Na6 17. Be3 cxd5 18. Nxd5 Nxd5 19. Qxd5 Qg4 {1-0 (38) Harika,D (2494)-Bivol,A (2393) St Petersburg 2018}) 12. Bg5 {White is better.} Nd4 $146 ({Predecessor:} 12... Ne7 13. d4 exd4 14. Qxd4 Nc6 15. Qd2 Ne5 16. Bxf6 Bxf6 17. Nd5 Bh8 {1-0 (41) Erwich,F (2319)-Quelle,H (2175) Germany 2009}) 13. Bxf6 Bxf6 {[#]} 14. Nd5 $1 {[%cal Rd5f6]} Bd8 15. Nxd4 exd4 16. Qd2 {Strongly threatening f6.} c6 17. Nf4 Bf6 18. Rf3 Qe7 19. Raf1 Rae8 20. h4 Bg7 (20... Be5 $14) 21. Nh5 f6 ({Not} 21... gxh5 $2 22. f6 $18) 22. Nxg7 Kxg7 23. g4 ({White should play} 23. Rf4 $16) 23... Qe5 (23... d5 $1 $11) 24. g5 fxg5 25. Qxg5 Rf6 $1 26. Rg3 d5 27. cxd5 cxd5 28. Rf4 Rc8 29. Rfg4 {[%cal Rf5g6]} Rc2+ {[%mdl 32768] Precision: White = 52%, Black = 60%. . Loss on Time!?} 1-0

[Event "Portugal Open 2019"]
[Site "Lisbon"]
[Date "2019.02.08"]
[Round "8.32"]
[White "Damaso, Rui"]
[Black "Huse, Sigurd Kjelsbol"]
[Result "1-0"]
[WhiteElo "2439"]
[BlackElo "2080"]
[Annotator "TA"]
[PlyCount "65"]
[EventDate "2019.01.25"]
[EventType "swiss"]
[EventCountry "POR"]
[SourceTitle "playchess.com"]
[Source "ChessBase"]
[SourceQuality "1"]

{[%evp 19,65,13,17,7,6,7,22,22,43,27,60,54,41,31,70,45,47,39,109,83,146,143,188,181,158,171,193,181,210,196,186,184,198,124,308,278,267,261,360,341,370,361,574,585,652,636,789,635]} 1. Nf3 d5 2. g3 Nf6 3. Bg2 g6 4. c4 c6 5. b3 Bg7 6. Bb2 O-O 7. d3 Nbd7 8. O-O Re8 9. Nbd2 e5 10. cxd5 Nxd5 11. Qc2 {A11: English Opening: 1...c6} N7b6 12. a3 Bd7 13. Rad1 $146 {The position is equal.} ({Predecessor:} 13. Ne4 Qc7 14. b4 Rac8 15. Nc5 Bg4 16. Qb3 Rcd8 17. Rfc1 Qe7 18. a4 Na8 {1-0 (31) Ivanov,M (2390)-Hoegl,E (1844) Feffernitz 2013}) 13... Qc8 14. Ne4 {And now Nd6 would win.} Qc7 15. Nc5 Rad8 16. Nxd7 Rxd7 17. Nd2 Qd8 18. Ne4 h6 (18... Qe7 $14) 19. b4 Kh7 (19... Qc7 $142) 20. Nc5 $16 Rde7 21. e4 Nf6 22. d4 exd4 23. Bxd4 Qb8 24. f4 Nfd7 25. e5 Nd5 26. Ne4 ({White should try} 26. h4 $18) 26... Nf8 $2 (26... f6 $16) 27. Bc5 Rd7 28. Qf2 b6 29. Bd6 Qc8 {[#]} 30. b5 $1 {[%mdl 512] Strongly threatening bxc6.} Ne7 (30... Kh8 $142 31. bxc6 Qxc6) (30... cxb5 31. Rxd5) 31. bxc6 $18 {White is clearly winning.} Nxc6 32. Rc1 Red8 {[#]} 33. Rxc6 $1 {[%mdl 512] Accuracy: White = 75%, Black = 30%.} 1-0

[Event "Portugal Open 2019"]
[Site "Lisbon"]
[Date "2019.02.08"]
[Round "8.33"]
[White "Campora, Daniel H."]
[Black "Eggert, Alberto"]
[Result "1-0"]
[WhiteElo "2419"]
[BlackElo "2132"]
[Annotator "RC"]
[PlyCount "85"]
[EventDate "2019.01.25"]
[EventType "swiss"]
[EventCountry "POR"]
[SourceTitle "playchess.com"]
[Source "ChessBase"]
[SourceQuality "1"]
[TimeControl "5400+30"]

1. e4 c5 2. Nf3 d6 3. c3 Nf6 4. Bd3 Bg4 5. O-O Nc6 6. h3 Bh5 7. Re1 e6 8. Bf1 h6 9. d3 g5 10. Nbd2 g4 11. hxg4 Nxg4 12. d4 Qf6 13. e5 dxe5 14. Ne4 Qd8 15. Qb3 Qb6 16. dxe5 O-O-O 17. Bf4 Qxb3 18. axb3 a6 19. Ned2 Be7 20. Nc4 Bg6 21. Bg3 Kc7 22. Bh4 Bxh4 23. Nxh4 Rd5 24. f4 Bc2 25. Nd6 Bxb3 26. Be2 f5 27. Ra3 c4 28. Nxc4 Bc2 29. Bf3 Be4 30. Bxg4 fxg4 31. Rxe4 Rd1+ 32. Kf2 Rf8 33. g3 b5 34. Nd6 Nxe5 35. Nxb5+ axb5 36. Rxe5 Rfd8 37. Ra7+ Kb6 38. Re7 R8d2+ 39. Re2 Rxe2+ 40. Kxe2 Rd6 41. b4 Kc6 42. Ng6 Kd5 43. Kd3 1-0

[Event "Portugal Open 2019"]
[Site "Lisbon"]
[Date "2019.02.08"]
[Round "8.34"]
[White "Dias, Ricardo Pedro Cruz"]
[Black "Martin Duque, Jesus"]
[Result "0-1"]
[WhiteElo "2128"]
[BlackElo "2393"]
[Annotator "TA"]
[PlyCount "58"]
[EventDate "2019.01.25"]
[EventType "swiss"]
[EventCountry "POR"]
[SourceTitle "playchess.com"]
[Source "ChessBase"]
[SourceQuality "1"]

{[%evp 34,58,26,27,31,31,31,24,27,22,26,26,35,46,43,18,38,0,44,29,31,27,651,-558,-453,-667,-468]} 1. e4 e5 2. Nf3 Nc6 3. Bb5 a6 4. Ba4 Nf6 5. O-O Be7 6. Re1 b5 7. Bb3 d6 8. c3 O-O 9. h3 Nb8 10. d4 Nbd7 11. Nbd2 Bb7 12. Bc2 Re8 13. Nf1 Bf8 14. Ng3 g6 15. a4 c5 16. d5 c4 17. Bg5 h6 18. Be3 Qc7 {C95: Closed Ruy Lopez: Breyer Variation with 10 d4} (18... Nc5 19. Qd2 h5 20. Bg5 Bg7 21. Rf1 Qc7 22. Bh6 Bh8 23. Ng5 Nh7 24. Nxh7 Kxh7 25. Be3 Qe7 26. f4 exf4 27. Bxf4 Kg8 {1-0 (51) Zherebukh,Y (2605)-Caruana,F (2817) Saint Louis 2017}) 19. Qd2 Kh7 20. Ra3 Nc5 {White has an edge.} 21. Rea1 Nfd7 22. Qd1 Nb6 23. axb5 axb5 24. Nd2 Reb8 $146 ({Predecessor:} 24... Bg7 25. b3 cxb3 26. Bxb3 {½-½ (46) Teichmeister,S-Eichhorn,E ICCF corr 1994}) 25. R1a2 Nca4 26. Qf1 Nc5 27. Qa1 Ra5 $2 {[%mdl 8192] [#]} (27... h5 $11) 28. Ra4 $4 {[%mdl 8192]} (28. Rxa5 $18 {and life is good for White.} Qd7 29. Qd1) 28... Rxa4 29. Ra3 (29. Bxa4 $142 Nbxa4 30. Qb1) 29... Bc8 {Accuracy: White = 45%, Black = 37%.} 0-1

[Event "Portugal Open 2019"]
[Site "Lisbon"]
[Date "2019.02.08"]
[Round "8.35"]
[White "Rocha, Sergio"]
[Black "Bruaset, Eivind"]
[Result "1-0"]
[WhiteElo "2354"]
[BlackElo "2124"]
[Annotator "TA"]
[PlyCount "89"]
[EventDate "2019.01.25"]
[EventType "swiss"]
[EventCountry "POR"]
[SourceTitle "playchess.com"]
[Source "ChessBase"]
[SourceQuality "1"]

{[%evp 9,89,33,29,16,87,50,37,23,38,30,43,11,27,-8,0,2,1,-14,0,1,25,-10,14,-8,0,4,60,56,45,50,115,-82,-99,-92,-87,-85,-81,-98,-56,-74,-69,-56,0,0,56,0,170,-13,-4,0,475,478,471,472,467,466,595,581,598,587,626,622,694,618,670,574,570,443,908,829,29982,11525,29987,29988,29991,29986,29992,29993,29993,29993,29993,29991]} 1. Nf3 e6 2. c4 b6 3. g3 Bb7 4. Bg2 f5 (4... g6 5. O-O Bg7 6. Nc3 Nf6 7. d4 Ne4 8. Bd2 O-O 9. Rc1 c5 10. d5 exd5 11. cxd5 Nxd2 12. Nxd2 d6 13. Nc4 Ba6 14. b3 b5 15. Nd2 {0-1 (29) So,W (2815)-Carlsen,M (2832) chess.com INT 2017}) 5. d3 Nf6 6. b3 {A13: English Opening: 1...e6} e5 $146 (6... Bb4+ $11 7. Nbd2 Bc3) ({Predecessor:} 6... Bc5 7. Bb2 O-O 8. O-O Ng4 9. d4 Be7 10. Nc3 f4 11. Qd3 fxg3 12. hxg3 {0-1 (30) Hoffmann,B (1460)-Winterstein,H (1893) Hamburg 2002}) 7. Nc3 Bb4 8. Bd2 {White is slightly better.} O-O 9. O-O d6 10. d4 (10. a3 $5 {[%cal Ra3b4]} Bxc3 11. Bxc3 $11) 10... Qe7 11. a3 Bxc3 12. Bxc3 {[%cal Rd4e5]} e4 13. Ng5 h6 14. Nh3 $36 {[%mdl 2048] White is more active.} g5 15. d5 Nbd7 {[%cal Bb8d7,Bd7c5,Bc5a4,Ba4b6][%mdl 32]} 16. Qd4 Nc5 17. Rab1 Kh7 (17... c6 $11) 18. b4 Na4 19. Ba1 b5 (19... Rae8 $14) 20. f4 $2 (20. f3 $16) 20... g4 $17 21. Nf2 bxc4 22. Qxc4 Nb6 {[%mdl 64] Double Attack} 23. Qd4 Bxd5 24. Rbc1 Kg6 25. Nd1 Rfc8 ({Better is} 25... a5 $15) 26. Ne3 $11 c5 ({Black should try} 26... Bb7 $11) 27. Qd2 (27. bxc5 $14 Rxc5 28. h3) 27... Be6 $2 {[#]} (27... Bb7 $11) 28. Rfd1 $2 (28. Bxf6 $1 $18 Qxf6 {[#]} 29. Bxe4 $1 {[%mdl 512]} fxe4 30. f5+ {[%mdl 64] Double Attack} Kh7 31. fxe6 (31. Nxg4 Qd4+ 32. Qxd4 cxd4 $16) 31... Qxe6 32. Rf5) 28... d5 29. bxc5 Rxc5 $2 {[%mdl 8192]} (29... Nc4 $11 {and Black stays safe.} 30. Nxc4 dxc4) 30. Bxf6 $1 $18 Qf8 {next ...Rxc1 is good for Black.} 31. Bd4 Rxc1 32. Rxc1 ({Much less strong is} 32. Qxc1 Rc8 $18) 32... Nc4 33. Nxc4 dxc4 34. Qa5 Qd6 35. e3 a6 36. Bf1 Rc8 37. Be2 h5 38. Bc3 Qe7 (38... Qc5 $142) 39. Rb1 h4 40. Rb6 hxg3 41. hxg3 {White mates.} Kh5 42. Kf2 Qd7 43. Qe5 Re8 44. Qf6 {[%csl Gf4][%cal Rf6g5]} Qe7 45. Rxe6 {Accuracy: White = 43%, Black = 24%.} 1-0

[Event "Portugal Open 2019"]
[Site "Lisbon"]
[Date "2019.02.08"]
[Round "8.36"]
[White "Tryggestad, Andreas Garberg"]
[Black "Froewis, Annika"]
[Result "1-0"]
[WhiteElo "2351"]
[BlackElo "2104"]
[Annotator "TA"]
[PlyCount "109"]
[EventDate "2019.01.25"]
[EventType "swiss"]
[EventCountry "POR"]
[SourceTitle "playchess.com"]
[Source "ChessBase"]
[SourceQuality "1"]

{[%evp 14,109,35,21,62,31,37,51,91,35,81,74,205,198,286,289,273,285,276,274,284,20,376,75,85,82,188,192,170,180,162,125,133,118,93,35,35,36,27,0,244,239,240,225,260,276,306,304,290,278,328,287,407,407,525,512,672,663,899,848,1813,1761,4886,4058,1417,4782,1829,1093,1090,475,468,471,589,562,689,649,676,712,958,933,1454,1193,1141,1289,29983,29984,29984,29985,29985,29976,29993,29981,29981,29982,29982,29982,4786,1604]} 1. d4 d5 2. c4 e6 3. Nf3 Nf6 4. Nc3 Be7 5. Bg5 O-O 6. e3 c6 7. Bd3 Nbd7 8. Qc2 {LiveBook: 67 Games} b6 {D61: Queen's Gambit Declined: Classical: 7 Qc2} (8... h6 9. Bxf6 Nxf6 10. O-O b6 11. cxd5 cxd5 12. Rfc1 a6 13. Qb3 Bd6 14. Na4 Bd7 15. h3 Ne4 16. Bxe4 dxe4 17. Ne5 Bxe5 18. dxe5 Bxa4 19. Qxa4 {½-½ (37) Nguyen,N (2620)-Henriquez Villagra,C (2519) Batumi 2018}) 9. Ne5 Nxe5 10. dxe5 Ng4 {White is slightly better.} 11. Bxh7+ $146 ({Predecessor:} 11. Bf4 Bh4 12. g3 Bg5 13. Bxh7+ Kh8 14. Bd3 Bxf4 15. exf4 f6 16. Qe2 {1-0 (35) Lytchak,A (2295)-David,R (2235) Halle 1996}) 11... Kh8 12. Bf4 $1 dxc4 (12... f6 $16) 13. Be4 $18 Bb7 (13... Bd7 $142 14. Rd1 Qe8) 14. Qe2 f5 15. exf6 $1 Nxf6 {[#]} 16. Bg6 $1 (16. Qxc4 Nxe4 17. Qxe4 Qc8 $16) 16... Kg8 17. e4 $2 ({Don't do} 17. Qxc4 Nd5 $18) (17. Rd1 $18 Qc8 18. Be5 (18. Qxc4 Ba6 $16)) 17... Bb4 $2 {[%mdl 8192]} (17... Qd3 $1 $11 {and Black has nothing to worry.}) 18. O-O $2 (18. Rd1 $18 {and the rest is easy.} Qc8 19. O-O (19. Qxc4 a5 $18)) 18... Qd3 $16 {[#]} 19. Qe1 $1 Rad8 (19... Ng4 $16) 20. f3 $18 Bxc3 21. bxc3 ({Much worse is} 21. Qxc3 $6 Nh5 $14) 21... c5 22. Rc1 Bc6 23. Bc7 Rd7 24. Qg3 (24. Rf2 $16) 24... Qe3+ $14 25. Kh1 {Black must now prevent Bf4.} Qh6 26. Be5 Rdd8 $2 (26... Rd3 $11 {and Black is okay.}) 27. Bd6 $18 Ba4 28. Bxf8 Kxf8 29. e5 Nd5 {intending ...Nf4.} 30. f4 Ne7 31. Be4 Kg8 32. Qe3 g6 (32... Nf5 {is a better defense.} 33. Qe1 Be8) 33. Qe2 Kf7 34. Qxc4 Rh8 {[%csl Gh8][%cal Rh6h2]} 35. h3 Bd7 36. Rcd1 Bc8 37. f5 gxf5 38. Bxf5 Nxf5 39. Rxf5+ Ke7 40. Rf6 Qe3 41. Qf4 (41. Qg4 $142 {White wants to mate with Qg7+.} Rxh3+ 42. gxh3 Bb7+ 43. Kh2 Qxe5+ 44. Rf4) 41... Qxf4 42. Rxf4 {[%mdl 4096] Endgame KRR-KRB} Bb7 {Now ...Rxh3+ and Black clings on.} 43. Kh2 Bd5 44. g4 b5 45. a4 Bc4 46. g5 a6 47. axb5 Bxb5 48. Rd6 a5 49. g6 Rg8 50. Rf7+ Ke8 51. Rb7 Bc4 52. Ra6 Bxa6 53. Rb8+ Ke7 54. Rxg8 Bd3 55. g7 {Precision: White = 53%, Black = 25%.} (55. h4 $142 Be2 56. Rh8) 1-0

[Event "Portugal Open 2019"]
[Site "Lisbon"]
[Date "2019.02.08"]
[Round "8.37"]
[White "Ilic, Zoran S"]
[Black "Aflalo, Sophie"]
[Result "1-0"]
[WhiteElo "2302"]
[BlackElo "2091"]
[Annotator "TA"]
[PlyCount "57"]
[EventDate "2019.01.25"]
[EventType "swiss"]
[EventCountry "POR"]
[SourceTitle "playchess.com"]
[Source "ChessBase"]
[SourceQuality "1"]

{[%evp 21,57,52,70,14,73,68,60,58,77,58,76,64,69,21,152,144,151,146,200,169,164,175,606,596,615,615,613,609,612,591,968,822,1141,882,1163,905,29981,3339]} 1. d4 Nf6 2. Nf3 g6 3. c4 Bg7 4. g3 d6 5. Bg2 O-O 6. O-O Nbd7 7. Nc3 e5 8. e4 c6 9. b3 Qe7 10. h3 a5 11. Re1 Re8 12. Bb2 {E69: King's Indian: Fianchetto: 6...Nbd7 7 0-0 e5 8 e4 c6 9 h3} (12. Ba3 $14) 12... h5 $146 (12... exd4 $11 13. Qxd4 Nc5) ({Predecessor:} 12... h6 13. Qe2 Nh7 14. Red1 Ng5 15. Nxg5 hxg5 16. Na4 Bf8 17. Ba3 Qf6 18. d5 c5 19. Bb2 Qh8 20. Bc1 Be7 21. Nc3 Rf8 22. Nb5 Nb6 23. g4 Bd7 24. Be3 Rfc8 25. Rdb1 {½-½ (25) Savon,V (2437)-Igriashvili,Z (2241) Tula 2004}) 13. Qd2 exd4 14. Nxd4 {White is slightly better.} Nc5 15. Rad1 Nfd7 16. f4 Nb6 17. Bf1 h4 (17... a4 $1 $11) 18. g4 $16 a4 19. b4 Ne6 {[#]} (19... a3 $16) 20. Nf5 $1 {[%mdl 512]} gxf5 21. exf5 Qf6 $2 (21... a3 22. Ba1 c5) 22. fxe6 $18 Bxe6 {[#]} 23. Nxa4 $1 {[%mdl 512]} Qg6 (23... Rxa4 24. Bxf6) 24. Nxb6 Rxa2 25. f5 {[%cal Bf4f5,Bf5e6][%mdl 32]} Qh7 26. Rb1 Bh6 27. Qd4 c5 28. Qf6 Bd2 29. fxe6 {Precision: White = 66%, Black = 18%.} 1-0

[Event "Portugal Open 2019"]
[Site "Lisbon"]
[Date "2019.02.08"]
[Round "8.38"]
[White "Bubalovic, Davorin"]
[Black "Fernandes, Alberto"]
[Result "1/2-1/2"]
[WhiteElo "2249"]
[BlackElo "2072"]
[Annotator "TA"]
[PlyCount "148"]
[EventDate "2019.01.25"]
[EventType "swiss"]
[EventCountry "POR"]
[SourceTitle "playchess.com"]
[Source "ChessBase"]
[SourceQuality "1"]

{[%evp 18,148,16,8,19,2,50,22,99,44,57,47,98,98,98,98,95,91,89,93,98,99,97,102,143,80,91,89,88,63,77,77,77,68,133,131,157,150,154,151,158,161,143,147,154,146,147,110,133,82,100,101,129,129,129,127,129,130,123,112,145,143,135,143,139,129,148,90,112,102,102,102,102,101,101,101,100,97,96,95,102,66,77,58,58,60,60,60,60,58,58,55,80,73,75,73,73,74,74,73,75,55,55,0,50,37,50,8,8,8,8,8,12,12,12,12,12,8,12,12,12,11,8,0,12,0,14,12,14,0,0,0,0]} 1. e4 e5 2. Nf3 Nc6 3. Bb5 a6 4. Ba4 Nf6 5. O-O Be7 6. d3 b5 7. Bb3 d6 8. a4 b4 9. a5 O-O 10. Nbd2 Be6 {C84: Closed Ruy Lopez: Unusual White 6th moves} 11. Nc4 Bg4 12. c3 d5 $146 {[#]} (12... Rb8 $11) ({Predecessor:} 12... bxc3 13. bxc3 d5 14. exd5 Nxd5 15. Bd2 Bf6 16. Re1 e4 17. dxe4 Nxc3 18. Qc1 {1-0 (42) Akopian,V (2700)-Saric,I (2566) Budva 2009}) 13. Ne3 ({Better is} 13. exd5 $1 $16 Nxd5 14. Ba4) 13... dxe4 {aiming for ...Bxf3.} 14. Nxg4 exf3 (14... Nxg4 $14 15. dxe4 Qxd1 16. Rxd1 Bc5) 15. Nxf6+ $16 ({Reject} 15. gxf3 $6 Qd6 $11) 15... Bxf6 16. Qxf3 Na7 {[%cal Bc6a7,Ba7b5,Bb5d4][%mdl 32]} 17. cxb4 Nb5 18. Bc4 Nd4 19. Qd1 Bg5 20. Be3 Kh8 21. Re1 (21. Qa4 $142) 21... c6 22. Qa4 Be7 23. Bxd4 Qxd4 24. Qxc6 {Strongly threatening Qb6.} Bxb4 25. Re2 Rfc8 ({Black should play} 25... f6 $14) 26. Qb7 Rcb8 27. Qxf7 Rf8 28. Qd5 Bc5 29. Qxd4 Bxd4 30. Rb1 Rf6 31. Kf1 g5 32. Ke1 g4 33. Bd5 (33. Kd2 $142) 33... Rd8 34. Be4 Rb8 35. Rc2 Rh6 36. Ke2 Rf8 37. Rf1 Rb8 38. Rfc1 Rxb2 39. Rxb2 Bxb2 {[%mdl 4096] Endgame KRB-KRB} 40. Rc8+ Kg7 41. Rc7+ Kh8 42. Bd5 (42. f3 $142) 42... Bd4 43. Rc8+ Kg7 44. Rg8+ Kf6 45. Rxg4 Rxh2 46. Rg8 Rh6 47. Rc8 Ke7 48. Rc7+ Kd8 49. Rf7 (49. Rc2 {keeps more tension.} Rf6 50. Kf1 Rd6 51. Be4 Rd7 52. Rc6) 49... Bc3 50. Rf5 Ke7 51. Bc4 Rf6 52. Rh5 h6 53. f3 Rg6 54. g4 Kd6 55. Bxa6 Bxa5 56. d4 {Hoping for Bc4.} Bc3 57. dxe5+ Bxe5 58. Bc4 Rf6 59. Ke3 Bf4+ 60. Ke2 (60. Kf2 $14) 60... Bg5 61. Rh1 Ke5 62. Ra1 Rd6 {The position is equal.} 63. Ra5+ Kf4 $1 64. Bd5 Kg3 65. Kd3 Rd8 66. Ke4 Rf8 67. Ra3 {[#] Black must now prevent f4+.} Bc1 68. Rb3 Bf4 69. Bc6 Rf6 70. Bd5 Rf8 71. Bc6 Rf7 72. Rb1 Bg5 73. Rg1+ Kf2 74. Rb1 Rxf3 {Accuracy: White = 68%, Black = 63%.} 1/2-1/2

[Event "Portugal Open 2019"]
[Site "Lisbon"]
[Date "2019.02.08"]
[Round "8.39"]
[White "Thompson, Ian D"]
[Black "Corbalan Gomez, Juan Jose"]
[Result "1-0"]
[WhiteElo "2122"]
[BlackElo "2235"]
[Annotator "TA"]
[PlyCount "97"]
[EventDate "2019.01.25"]
[EventType "swiss"]
[EventCountry "POR"]
[SourceTitle "playchess.com"]
[Source "ChessBase"]
[SourceQuality "1"]

{[%evp 19,97,0,0,0,20,22,41,38,29,40,31,23,27,31,33,14,14,4,36,16,38,24,26,10,89,43,212,216,198,212,296,303,279,169,208,203,243,245,247,251,245,237,242,247,327,325,403,321,265,116,345,262,564,270,264,185,190,164,192,189,186,182,346,329,419,419,496,495,468,397,515,515,590,560,560,558,677,649,29990,0]} 1. c4 e5 2. g3 Nf6 3. Bg2 d5 4. cxd5 Nxd5 5. Nf3 Nc6 6. O-O Nb6 7. Nc3 Be7 8. b3 O-O 9. Bb2 Be6 10. Rc1 f6 11. Ne4 {A29: English Opening: Four Knights Variation with 4 g3} a5 (11... Bd5 12. Qc2 Nb4 13. Qb1 Nxa2 14. Nxf6+ Bxf6 15. Qxa2 e4 16. Nd4 Qd7 17. Qb1 Rae8 18. e3 c6 {½-½ (45) Topalov,V (2754)-Giri,A (2790) Stavanger 2016}) 12. d4 {[%cal Rd4e5]} exd4 13. Nxd4 {White is slightly better.} Nxd4 14. Bxd4 {And now Nc5 would win.} Nd5 $146 ({Predecessor:} 14... Nd7 15. Qc2 c6 16. Rfd1 Qe8 17. Bc3 Nb6 18. Bd4 Nd7 {½-½ (34) Damljanovic,B (2562)-Ratkovic,M (2403) Vrbas 2015}) 15. Nc5 Bxc5 $1 16. Bxc5 Rf7 17. Qd3 Rd7 18. Be4 g6 19. Qf3 f5 20. Bb1 c6 21. Bd4 Nf6 (21... Qg5 $11 {keeps the balance.}) 22. Ba1 Kf7 $2 (22... Rf7 $14) 23. e4 $18 fxe4 24. Bxe4 Qe7 25. Rfe1 Rf8 26. Qc3 Kg8 27. Bg2 Qf7 28. Re3 ({But not} 28. Qxa5 h6) 28... h5 {[#]} 29. Rce1 $1 Bf5 30. Qxa5 Nd5 31. Re5 Kh7 32. Qc5 {Hoping for Bxd5.} Kg8 33. Qd4 Nf6 34. Qh4 (34. Qc3 $18 {is more deadly.}) 34... Kh7 $2 (34... Ng4 $16) 35. Qg5 Re8 $2 {[#]} (35... Ng8 {is more resistant.} 36. f3 Qf6) 36. Rxe8 (36. Qxf6 $142 $1 {[%mdl 512]} Qxf6 37. Rxe8) 36... Nxe8 37. Qe3 Ng7 38. h4 $40 {[%mdl 128] White goes for the king.} Ne6 39. Qe5 {[%csl Ga1][%cal Re5h8]} Ng7 40. Bf1 b5 $2 (40... Bg4 {might work better.} 41. Bc3 Qf8) 41. Bg2 Rc7 42. Bd4 Rc8 {White must now prevent ...Re8.} 43. Qd6 {Re7 is the strong threat.} Ne6 44. Bc3 b4 45. Bxb4 c5 46. Bc3 Rd8 47. Qe5 Nd4 48. Qxc5 Nc2 49. Bf1 $2 {[%mdl 32768] Accuracy: White = 63%, Black = 27%. . Loss on time!?} (49. Re7 {mates} Kg8 50. Qc7 Qxe7 51. Qxe7 Rd1+ 52. Kh2 Nd4 53. Bd5+ Be6 54. Bxd4) 1-0